[Event "3. Torneig Internacional Vila de Sitges"]
[Site "Sitges ESP"]
[Date "2009.10.29"]
[Round "6.2"]
[White "Lacasa Diaz, Jose Antonio"]
[Black "Fernandez Aguado, Enrique"]
[Result "1-0"]
[WhiteElo "2405"]
[BlackElo "2354"]
[PlyCount "59"]
[EventDate "2009.10.25"]
[EventType "tourn"]
[EventRounds "9"]
[EventCountry "ESP"]
[Source "lmi"]
[SourceDate "2009.10.25"]

1. e4 c5 2. Nf3 d6 3. d4 cxd4 4. Nxd4 Nf6 5. Nc3 a6 6. a4 Nc6 7. Be2 e6 8. O-O
Be7 9. Be3 O-O 10. f4 Qc7 11. Kh1 Bd7 12. Nb3 b6 13. Bf3 Rab8 14. g4 Bc8 15. g5
Nd7 16. Bg2 Na5 17. Nd4 Nc4 18. Bc1 Re8 19. Rf3 Bf8 20. b3 Na5 21. Bb2 Nc6 22.
Rh3 g6 23. f5 Nde5 24. Nde2 b5 25. axb5 axb5 26. Nf4 b4 27. Ncd5 exd5 28. Nxd5
Qd8 29. Nf6+ Qxf6 30. gxf6 1-0

[Event "3. Torneig Internacional Vila de Sitges"]
[Site "Sitges ESP"]
[Date "2009.10.29"]
[Round "6.3"]
[White "Cruz, Filemon"]
[Black "Ayas Fernandez, Antonio"]
[Result "1-0"]
[WhiteElo "2404"]
[BlackElo "2340"]
[PlyCount "69"]
[EventDate "2009.10.25"]
[EventType "tourn"]
[EventRounds "9"]
[EventCountry "ESP"]
[Source "lmi"]
[SourceDate "2009.10.25"]

1. d4 d5 2. c4 c6 3. Nc3 Nf6 4. Nf3 a6 5. Bg5 Ne4 6. Bf4 Nxc3 7. bxc3 dxc4 8.
Ne5 b5 9. g3 f6 10. Nf3 Bf5 11. Bg2 Be4 12. O-O g5 13. Be3 Qd5 14. Bh3 h5 15.
Nd2 g4 16. Nxe4 gxh3 17. f3 h4 18. Bf4 hxg3 19. Nxg3 Bh6 20. e4 Qf7 21. Bxh6
Rxh6 22. a4 e6 23. Qd2 Rg6 24. f4 Nd7 25. f5 Rg5 26. e5 O-O-O 27. axb5 Rdg8 28.
bxa6 exf5 29. a7 Rxg3+ 30. hxg3 Rxg3+ 31. Kh2 Rg2+ 32. Qxg2 hxg2 33. a8=Q+ Nb8
34. Qxb8+ Kxb8 35. Rfb1+ 1-0

[Event "3. Torneig Internacional Vila de Sitges"]
[Site "Sitges ESP"]
[Date "2009.10.29"]
[Round "6.4"]
[White "Castaño, Henry Augusto"]
[Black "Beltran Rueda, Santiago"]
[Result "0-1"]
[WhiteElo "2233"]
[BlackElo "2427"]
[PlyCount "90"]
[EventDate "2009.10.25"]
[EventType "tourn"]
[EventRounds "9"]
[EventCountry "ESP"]
[Source "lmi"]
[SourceDate "2009.10.25"]

1. e4 c5 2. Nf3 Nc6 3. d4 cxd4 4. Nxd4 g6 5. c4 Bg7 6. Be3 Nf6 7. Nc3 Ng4 8.
Qxg4 Nxd4 9. Qd1 Ne6 10. Qd2 d6 11. Be2 Bd7 12. O-O O-O 13. f3 Bc6 14. b4 b6
15. Rab1 Kh8 16. Nd5 f5 17. exf5 gxf5 18. f4 Rc8 19. Bf3 Rg8 20. Rfe1 Nf8 21.
Bd4 e6 22. b5 Ba8 23. Rb3 exd5 24. cxd5 Ng6 25. Rbe3 Nh4 26. Bh5 Bf6 27. Re8
Nf3+ 28. Bxf3 Rxe8 29. Rxe8+ Qxe8 30. Bxf6+ Kg8 31. h3 Qxb5 32. Kh2 Qe8 33. Qd3
Qg6 34. Bb2 Bb7 35. h4 Kf8 36. h5 Qf7 37. Qa3 Qe7 38. Kh3 Rc4 39. Be5 Rc5 40.
Bd4 Ra5 41. Qc3 h6 42. Bf2 Bxd5 43. Qh8+ Kf7 44. Qh7+ Ke8 45. Bxd5 Qxh7 0-1

[Event "3. Torneig Internacional Vila de Sitges"]
[Site "Sitges ESP"]
[Date "2009.10.29"]
[Round "6.5"]
[White "Gonzalez, Raul Omar"]
[Black "Oms Fuentes, Lluis"]
[Result "0-1"]
[WhiteElo "2327"]
[BlackElo "2370"]
[PlyCount "86"]
[EventDate "2009.10.25"]
[EventType "tourn"]
[EventRounds "9"]
[EventCountry "ESP"]
[Source "lmi"]
[SourceDate "2009.10.25"]

1. Nf3 d5 2. d4 Nf6 3. e3 e6 4. Bd3 b6 5. b3 Bb7 6. Bb2 Bd6 7. O-O O-O 8. c4
Nbd7 9. Nc3 Ne4 10. cxd5 exd5 11. Qc2 Nxc3 12. Bxh7+ Kh8 13. Bxc3 g6 14. Bxg6
fxg6 15. Qxg6 Qf6 16. Qh5+ Kg7 17. Qg4+ Qg6 18. Qxg6+ Kxg6 19. Ne5+ Bxe5 20.
dxe5 Kf5 21. f4 Rg8 22. Rf2 Nc5 23. Rc2 Ne6 24. Rf2 c5 25. Rd1 d4 26. Bd2 Rg4
27. Re1 Rag8 28. g3 Be4 29. Kf1 d3 30. Rc1 b5 31. Bc3 Rh8 32. Ke1 Rg7 33. Kd2
a5 34. Bb2 Rc8 35. Bc3 a4 36. Rg1 b4 37. h3 bxc3+ 38. Kxc3 Nc7 39. g4+ Ke6 40.
Rc1 axb3 41. axb3 Nd5+ 42. Kb2 Ra7 43. Rc4 Rca8 0-1

[Event "3. Torneig Internacional Vila de Sitges"]
[Site "Sitges ESP"]
[Date "2009.10.30"]
[Round "7.2"]
[White "Beltran Rueda, Santiago"]
[Black "Gonzalez, Raul Omar"]
[Result "1/2-1/2"]
[WhiteElo "2427"]
[BlackElo "2327"]
[PlyCount "20"]
[EventDate "2009.10.25"]
[EventType "tourn"]
[EventRounds "9"]
[EventCountry "ESP"]
[Source "lmi"]
[SourceDate "2009.10.25"]

1. Nf3 d5 2. c4 e6 3. d4 Nf6 4. Nc3 Be7 5. Bg5 O-O 6. e3 Nbd7 7. Rc1 c6 8. Bd3
dxc4 9. Bxc4 Nd5 10. Bxe7 Qxe7 1/2-1/2

[Event "3. Torneig Internacional Vila de Sitges"]
[Site "Sitges ESP"]
[Date "2009.10.30"]
[Round "7.3"]
[White "Ayas Fernandez, Antonio"]
[Black "Castaño, Henry Augusto"]
[Result "0-1"]
[WhiteElo "2340"]
[BlackElo "2233"]
[PlyCount "64"]
[EventDate "2009.10.25"]
[EventType "tourn"]
[EventRounds "9"]
[EventCountry "ESP"]
[Source "lmi"]
[SourceDate "2009.10.25"]

1. e4 c5 2. Nf3 e6 3. d4 cxd4 4. Nxd4 a6 5. c4 Qc7 6. Be3 Nf6 7. Nd2 b6 8. Bd3
Bb7 9. O-O d6 10. f4 Nbd7 11. b4 g6 12. Qe2 Bg7 13. f5 exf5 14. exf5 O-O 15.
fxg6 hxg6 16. N2b3 Rae8 17. Qd2 Ne4 18. Bxe4 Rxe4 19. Bh6 Ne5 20. Bxg7 Kxg7 21.
Qg5 Rh8 22. Nf5+ Kg8 23. h3 Re2 24. Ne3 Rh5 25. Qg3 Qe7 26. Nd4 Rxg2+ 27. Nxg2
Rg5 28. Ne2 Rxg3 29. Nxg3 Qg5 30. Kh2 Qd2 31. Rg1 Nf3+ 32. Kh1 Nh4 0-1

[Event "3. Torneig Internacional Vila de Sitges"]
[Site "Sitges ESP"]
[Date "2009.10.30"]
[Round "7.4"]
[White "Fernandez Aguado, Enrique"]
[Black "Cruz, Filemon"]
[Result "0-1"]
[WhiteElo "2354"]
[BlackElo "2404"]
[PlyCount "46"]
[EventDate "2009.10.25"]
[EventType "tourn"]
[EventRounds "9"]
[EventCountry "ESP"]
[Source "lmi"]
[SourceDate "2009.10.25"]

1. d4 Nf6 2. c4 e6 3. Nc3 Bb4 4. e3 b6 5. Bd3 Bb7 6. Nge2 Bxg2 7. Rg1 Bf3 8.
Qa4 Nc6 9. Bd2 O-O 10. O-O-O a6 11. a3 b5 12. cxb5 axb5 13. Qxb5 Ra5 14. Qc4
Be7 15. Rg3 Bh5 16. f4 Qa8 17. Rdg1 g6 18. f5 d5 19. Qb3 Rb8 20. Qc2 exf5 21.
Bxf5 Rxb2 22. Kxb2 Bxa3+ 23. Ka1 Nb4 0-1

[Event "3. Torneig Internacional Vila de Sitges"]
[Site "Sitges ESP"]
[Date "2009.10.30"]
[Round "7.5"]
[White "Karlsson, Lars"]
[Black "Lacasa Diaz, Jose Antonio"]
[Result "1-0"]
[WhiteElo "2483"]
[BlackElo "2405"]
[PlyCount "69"]
[EventDate "2009.10.25"]
[EventType "tourn"]
[EventRounds "9"]
[EventCountry "ESP"]
[Source "lmi"]
[SourceDate "2009.10.25"]

1. Nf3 Nf6 2. g3 g6 3. Bg2 Bg7 4. c4 O-O 5. Nc3 d6 6. O-O a6 7. b4 c5 8. bxc5
dxc5 9. Rb1 Nc6 10. d3 Qc7 11. Bg5 Rb8 12. Nd5 Nxd5 13. cxd5 Nd4 14. Nxd4 Bxd4
15. Rc1 b6 16. e3 Be5 17. d4 Bd6 18. e4 e5 19. dxe5 Bxe5 20. f4 Bg7 21. d6 Qa7
22. e5 Be6 23. Bd5 Qd7 24. Bxe6 fxe6 25. Qd3 a5 26. a4 Rfc8 27. Rfd1 Rb7 28.
Qc4 h6 29. Be7 Bf8 30. Qe4 Kh7 31. Bf6 Qf7 32. h4 h5 33. g4 hxg4 34. h5 Rd7 35.
Kg2 1-0

[Event "3. Torneig Internacional Vila de Sitges"]
[Site "Sitges ESP"]
[Date "2009.10.31"]
[Round "8.1"]
[White "Cruz, Jonathan"]
[Black "Lacasa Diaz, Jose Antonio"]
[Result "0-1"]
[WhiteElo "2292"]
[BlackElo "2405"]
[PlyCount "122"]
[EventDate "2009.10.25"]
[EventType "tourn"]
[EventRounds "9"]
[EventCountry "ESP"]
[Source "lmi"]
[SourceDate "2009.10.25"]

1. d4 Nf6 2. c4 g6 3. Nc3 Bg7 4. e4 d6 5. Be2 O-O 6. Nf3 e5 7. O-O exd4 8. Nxd4
Re8 9. f3 Nc6 10. Be3 Nh5 11. Nxc6 bxc6 12. Qd2 f5 13. Bg5 Bf6 14. Bxf6 Nxf6
15. exf5 Bxf5 16. g4 Be6 17. Bd3 d5 18. Qf4 Bf7 19. c5 Nd7 20. Qd4 Qe7 21. Ne2
Qe3+ 22. Rf2 Nxc5 23. Bc2 Rab8 24. Rb1 a5 25. a3 Rb6 26. Qf6 Nd7 27. Qc3 Qxc3
28. bxc3 Re3 29. Rbf1 Rb2 30. Rc1 Ne5 31. Nd4 Rxc3 32. Re1 Nxf3+ 33. Nxf3 Rcxc2
34. Rxc2 Rxc2 35. Re7 Rc4 36. h3 h5 37. g5 Rf4 38. Kg2 h4 39. Rxc7 d4 40. Ne5
Bd5+ 41. Kg1 d3 42. Rc8+ Kg7 43. Rc7+ Kg8 44. Rc8+ Kg7 45. Rc7+ Kf8 46. Nxd3
Rf5 47. Ra7 Rxg5+ 48. Kf2 Rf5+ 49. Ke3 Rf3+ 50. Kd4 Rxh3 51. Nf4 Rxa3 52. Nxg6+
Ke8 53. Kc5 h3 54. Re7+ Kd8 55. Rh7 Re3 56. Rh8+ Kd7 57. Rh7+ Ke8 58. Nf4 Bg2
59. Kd6 a4 60. Nh5 Rf3 61. Ke6 Kd8 0-1

[Event "3. Torneig Internacional Vila de Sitges"]
[Site "Sitges ESP"]
[Date "2009.10.31"]
[Round "8.2"]
[White "Cruz, Filemon"]
[Black "Karlsson, Lars"]
[Result "1-0"]
[WhiteElo "2404"]
[BlackElo "2483"]
[PlyCount "91"]
[EventDate "2009.10.25"]
[EventType "tourn"]
[EventRounds "9"]
[EventCountry "ESP"]
[Source "lmi"]
[SourceDate "2009.10.25"]

1. d4 g6 2. e4 d6 3. f4 Bg7 4. Nc3 Nf6 5. Nf3 O-O 6. Bd3 Na6 7. f5 c5 8. fxg6
hxg6 9. d5 Bg4 10. O-O Rc8 11. Be2 Bxf3 12. gxf3 Nc7 13. f4 b5 14. Bf3 e6 15.
dxe6 fxe6 16. Qe2 b4 17. Nd1 d5 18. e5 Nd7 19. Kh1 Rf7 20. Rg1 Nf8 21. Nf2 Qe8
22. Nh3 Nb5 23. Qg2 Nd4 24. Ng5 Re7 25. Bd1 Qc6 26. Be3 Nf5 27. Bf2 Bh6 28. Bf3
Bxg5 29. Qxg5 Rh7 30. Rg2 Rcc7 31. Rag1 Rcg7 32. Qd8 Rh6 33. c4 bxc3 34. bxc3
Qb6 35. Qc8 d4 36. Be4 Qc7 37. Qa8 dxc3 38. Rb1 Nd4 39. Rb8 Qf7 40. Be3 Rh3 41.
Bxg6 Qe7 42. Bg1 c2 43. Bxc2 Nxc2 44. Rxc2 c4 45. Rxc4 Rf7 46. Qg2+ 1-0

[Event "3. Torneig Internacional Vila de Sitges"]
[Site "Sitges ESP"]
[Date "2009.10.31"]
[Round "8.3"]
[White "Castaño, Henry Augusto"]
[Black "Fernandez Aguado, Enrique"]
[Result "0-1"]
[WhiteElo "2233"]
[BlackElo "2354"]
[PlyCount "60"]
[EventDate "2009.10.25"]
[EventType "tourn"]
[EventRounds "9"]
[EventCountry "ESP"]
[Source "lmi"]
[SourceDate "2009.10.25"]

1. e4 e6 2. d3 d5 3. Qe2 Nf6 4. Nf3 b6 5. e5 Nfd7 6. g3 Be7 7. Bg2 c5 8. O-O
Nc6 9. c4 dxc4 10. dxc4 Bb7 11. Nc3 g5 12. Nb5 a6 13. Nxg5 axb5 14. Nxe6 Nd4
15. Nxd4 Bxg2 16. e6 cxd4 17. exd7+ Qxd7 18. Kxg2 O-O 19. cxb5 d3 20. Qe4 Rfe8
21. Rd1 Rad8 22. Qc6 Bc5 23. Qxd7 Rxd7 24. a3 Re2 25. Rd2 Be3 26. Rd1 Rxf2+ 27.
Kh3 d2 28. Bxd2 Bxd2 29. b4 Rd6 30. a4 Rh6+ 0-1

[Event "3. Torneig Internacional Vila de Sitges"]
[Site "Sitges ESP"]
[Date "2009.10.31"]
[Round "8.5"]
[White "Oms Fuentes, Lluis"]
[Black "Beltran Rueda, Santiago"]
[Result "1/2-1/2"]
[WhiteElo "2370"]
[BlackElo "2427"]
[PlyCount "29"]
[EventDate "2009.10.25"]
[EventType "tourn"]
[EventRounds "9"]
[EventCountry "ESP"]
[Source "lmi"]
[SourceDate "2009.10.25"]

1. e4 e5 2. Nf3 Nf6 3. Nxe5 d6 4. Nf3 Nxe4 5. Qe2 Qe7 6. d3 Nf6 7. Bg5 Qxe2+ 8.
Bxe2 Be7 9. Nc3 h6 10. Be3 Nc6 11. h3 Be6 12. a3 O-O-O 13. O-O-O Rhe8 14. d4
Nd5 15. Nxd5 1/2-1/2

[Event "3. Torneig Internacional Vila de Sitges"]
[Site "Sitges ESP"]
[Date "2009.11.01"]
[Round "9.1"]
[White "Beltran Rueda, Santiago"]
[Black "Cruz, Jonathan"]
[Result "0-1"]
[WhiteElo "2427"]
[BlackElo "2292"]
[PlyCount "84"]
[EventDate "2009.10.25"]
[EventType "tourn"]
[EventRounds "9"]
[EventCountry "ESP"]
[Source "lmi"]
[SourceDate "2009.10.25"]

1. Nf3 Nf6 2. c4 c5 3. Nc3 d5 4. cxd5 Nxd5 5. g3 Nc6 6. Bg2 Nc7 7. O-O e5 8. d3
Be7 9. Nd2 O-O 10. Bxc6 bxc6 11. Nc4 Bh3 12. Re1 f6 13. f3 Nd5 14. Ne4 Be6 15.
Qa4 Nb6 16. Qa3 Bxc4 17. dxc4 Qd4+ 18. e3 Qxc4 19. Bd2 f5 20. Nf2 Qd5 21. Bc3
Qxf3 22. Nd3 Qe4 23. Rad1 Nc4 24. Qa6 Nxe3 25. Rd2 c4 26. Nxe5 Bc5 27. Rf2 Rae8
28. Nd7 Qd5 29. Nxc5 Qxc5 30. Qb7 Rf7 31. Qb4 Qxb4 32. Bxb4 Re4 33. Bc5 Nd5 34.
Rxe4 fxe4 35. Rxf7 Kxf7 36. Bxa7 c3 37. bxc3 Nxc3 38. a3 Ke6 39. Bc5 Kd5 40.
Bb4 Kc4 41. Kf2 Kd3 42. Bc5 e3+ 0-1

[Event "3. Torneig Internacional Vila de Sitges"]
[Site "Sitges ESP"]
[Date "2009.11.01"]
[Round "9.4"]
[White "Karlsson, Lars"]
[Black "Castaño, Henry Augusto"]
[Result "1-0"]
[WhiteElo "2483"]
[BlackElo "2233"]
[PlyCount "120"]
[EventDate "2009.10.25"]
[EventType "tourn"]
[EventRounds "9"]
[EventCountry "ESP"]
[Source "lmi"]
[SourceDate "2009.10.25"]

1. g3 Nf6 2. Bg2 c5 3. c4 d5 4. cxd5 Nxd5 5. Nc3 Nc7 6. f4 g6 7. b3 Bg7 8. Bb2
h5 9. Qc1 Nba6 10. Nf3 O-O 11. Ne4 Bxb2 12. Qxb2 Nd5 13. O-O Bf5 14. Nf2 Nf6
15. Nh4 Bc8 16. Rac1 Rb8 17. Nd3 Qd6 18. Ne5 Rd8 19. Qb1 Ng4 20. Nc4 Qf6 21. h3
Nh6 22. e4 Nb4 23. e5 Qg7 24. a3 Nd5 25. Kh2 Nc7 26. Ne3 b6 27. f5 gxf5 28.
Nexf5 Nxf5 29. Nxf5 Bxf5 30. Qxf5 Qg6 31. Qf2 Ne6 32. Rce1 Rd4 33. d3 Rbd8 34.
Be4 Qg7 35. h4 Rxd3 36. Bxd3 Rxd3 37. Re3 Rxe3 38. Qxe3 Qg6 39. Rf2 Kg7 40. Qf3
Nd4 41. Qf4 Ne6 42. Qe3 Qb1 43. g4 hxg4 44. Qg3 Qd1 45. Rg2 Nd4 46. Qxg4+ Qxg4
47. Rxg4+ Kh6 48. Rf4 Kg6 49. b4 Ne6 50. h5+ Kxh5 51. Rxf7 Kg5 52. Rxe7 Kf5 53.
Rxa7 Kxe5 54. Rb7 Kd5 55. Rxb6 Nd4 56. bxc5 Kxc5 57. Rb2 Kc6 58. a4 Kc7 59. a5
Nc6 60. a6 Nd8 1-0

[Event "3. Torneig Internacional Vila de Sitges"]
[Site "Sitges ESP"]
[Date "2009.11.01"]
[Round "9.5"]
[White "Lacasa Diaz, Jose Antonio"]
[Black "Cruz, Filemon"]
[Result "1-0"]
[WhiteElo "2405"]
[BlackElo "2404"]
[PlyCount "51"]
[EventDate "2009.10.25"]
[EventType "tourn"]
[EventRounds "9"]
[EventCountry "ESP"]
[Source "lmi"]
[SourceDate "2009.10.25"]

1. e4 c5 2. Nf3 d6 3. d4 cxd4 4. Nxd4 Nf6 5. Nc3 a6 6. Be3 e6 7. f3 b5 8. g4 h6
9. Qd2 Nbd7 10. O-O-O Bb7 11. h4 b4 12. Nce2 d5 13. Bh3 g5 14. hxg5 hxg5 15.
exd5 Nxd5 16. Bxg5 Qb6 17. Nf4 Bg7 18. Nxd5 Bxd5 19. Nf5 Bf6 20. Bxf6 Nxf6 21.
g5 Ng8 22. Ne3 Bxf3 23. Nc4 Qd8 24. Nd6+ Ke7 25. Qf4 Bxd1 26. Qxf7+ 1-0